| 000 | 00589cam a2200181 4500 | ||
|---|---|---|---|
| 001 | BIIH005036 | ||
| 008 | 1975 spa | ||
| 035 | _aBIIH005036 | ||
| 050 | 4 |
_aHQ6532 _bP45 1975 |
|
| 100 | 1 | _aPeña Samaniego, Heriberto | |
| 245 | 0 |
_aRio blanco : el gran circulo de obreros libres y los sucesos del 7 de enero de 1907 / _cHeriberto Peña Samaniego. |
|
| 260 |
_aMéxico : _bCEHSMO, _c1975 |
||
| 300 |
_a86 p. ; _c17 cm. |
||
| 500 | _a1 ejemplar | ||
| 650 | 4 |
_aHuelgas y paros _xIndustria textil |
|
| 650 | 4 |
_aTrabajadores textiles _xSindicatos |
|
| 942 |
_2lcc _cLIB |
||
| 999 |
_c68502 _d68502 |
||